Úklid /

Hlavní autor: Herrmann, Ève
Další autoři: Rocchi, Roberta, Kyslíková, Kateřina, 1971-
Jazyk: Čeština
Vydáno: Praha : Svojtka & Co., 2017
Vydání: První české vydání
Témata:
Fyzický popis: 25 nečíslovaných stran : barevné ilustrace ; 22 cm
Knihy
Uloženo v:
LEADER 01758nam a2200481 i 4500
001 nkc20172897405
003 CZ PrNK
005 20170622144137.0
007 ta
008 170516s2017 xr a a 000 j cze
015 |a cnb002897405 
020 |a 978-80-256-2081-6  |q (vázáno) 
035 |a (OCoLC)993642848 
040 |a OLA001  |b cze  |e rda 
041 1 |a cze  |h fre 
072 7 |a 821.133.1-3  |x Francouzská próza, francouzsky psaná  |2 Konspekt  |9 25 
072 7 |a 821-93  |x Literatura pro děti a mládež (beletrie)  |2 Konspekt  |9 26 
080 |a 821.133.1-32  |2 MRF 
080 |a 821-93  |2 MRF 
080 |a (0:82-32)  |2 MRF 
100 1 |a Herrmann, Ève  |7 mzk2016936916  |4 aut 
240 1 0 |a On range!  |l Česky 
245 1 0 |a Úklid /  |c Ève Herrmann ; ilustrace Roberta Rocchi 
246 1 |i Další názvový údaj na obálce a hřbetu:  |a Moje malé příběhy Montessori 
250 |a První české vydání 
264 1 |a Praha :  |b Svojtka & Co.,  |c 2017 
300 |a 25 nečíslovaných stran :  |b barevné ilustrace ;  |c 22 cm 
336 |a text  |b txt  |2 rdacontent 
336 |a statický obraz  |b sti  |2 rdacontent 
337 |a bez média  |b n  |2 rdamedia 
338 |a svazek  |b nc  |2 rdacarrier 
500 |a Z francouzštiny přeložila Kateřina Kyslíková 
655 7 |a francouzské příběhy  |7 fd184214  |2 czenas 
655 7 |a publikace pro děti  |7 fd133156  |2 czenas 
655 9 |a French stories  |2 eczenas 
655 9 |a children's literature  |2 eczenas 
700 1 |a Rocchi, Roberta  |7 xx0211832  |4 ill 
700 1 |a Kyslíková, Kateřina,  |d 1971-  |7 xx0194191  |4 trl 
910 2 |a BOA001  |b 2-1389.283 
990 |a BK 
995 |a 01 
991 |b 201706  |c NOV 
996 6 |b 2610709713  |c 2-1389.283  |l MZK  |r Sklad / do 1 hodiny  |n 6  |p p.v.  |w 001614754  |u 000010  |a 1  |e BOA001  |j MZK50  |s P